00910nam a2200241 i 4500003000900000005001700009006001900026007000300045008004100048020001800089040003000107082002500137245009800162250001900260264009500279300002800374336002600402337003200428338002800460500007100488586005500559710005400614DO-SdBNP20250303144235.0a||||er|||| 00| 0 ta230522t2018 ||| |||er|||| 000 fdspa d a9789945085358 aDO-SdBNPbspacBNPHUerda 4axxxbM313c, 201822210aCinco bailadores sobre la tumba caliente del licenciado :bnovela /cRoberto Marcallé Abreu a2da. edición 4a[Santo Domingo] :bMinisterio de Educación,bBiblioteca Roberto Marcallé Abreu,c2018. a127 páginas ;c22 cm. atextobtxt2rdaconten asin mediciónbn2rdamedia avolumenbnc2rdacarrier aIncluye datos biográficos del autor en la solapa de las cubierta aPremio Nacional de Literatura 2018, Premio Novela1 aRepública DominicanabMinisterio de Educación